00876nam a2200241Ia 450000500170000000800410001702000290005802000240008705000190011110000290013024501220015926000310028130000280031233600100034033700140035033800120036451900440037665000280042070000540044894200070050295201080050999900170061720231102151241.0120720s1997 mx 000 0 spa d a968624901X (colección) a9686249117 (tomo 1) aK623bB66 199710aBonnecase, Julieneautor10aTratado Elemental de Derecho Civilb c / Julien Bonnecase ; traducción . y compilador de Enrique Figueroa Alfonzo aMéxicob : Harlac, 1997 axxxviii, 1048 páginas atexto asin medio avolumen aMaterial Complementario / d(03 000595)14aDERECHO CIVILzMÉXICO aFigueroa Alfonzo, Enriqueetraductor y compilador cLB 00102lcc3v.14070a03b03d2001-05-15l0oK623 B66218 1997p03 000595r2012-07-20t1w2012-07-20yLB c78752d78752